000 00336nam a22001457a 4500
008 230705b ||||| |||| 00| 0 eng d
020 _a9781259936494
041 _aeng
080 _2FIFTH EDITION
_a51
082 _a51MIL
100 _a23
101 _aMATEM
245 _aBEGINNING INTERMEDIATE ALGEBRA
_cMILLER.J
942 _2udc
_cBK
999 _c60093
_d60093